000 00441nam a2200169Ia 4500
001 18711
003 IN-NITTTR
005 20251114233217.0
008 251113s9999||||xx |||||||||||||| ||eng||
040 _beng
040 _cIN-NITTTR
041 _aeng
082 _a621.5 H198
100 _aCarrier Air Conditioning Company,
245 0 _aHandbook of air conditioning system design. /
_cCarrier Air Conditioning Company
942 _2ddc
_cBK
999 _c21345
_d21345